Vyavsayik Shukar Palan: (Record no. 52420)
[ view plain ]
| 000 -LEADER | |
|---|---|
| fixed length control field | 00885nam a22003137a 4500 |
| 003 - CONTROL NUMBER IDENTIFIER | |
| control field | OSt |
| 008 - FIXED-LENGTH DATA ELEMENTS--GENERAL INFORMATION | |
| fixed length control field | 260629b |||||||| |||| 00| 0 eng d |
| 020 ## - INTERNATIONAL STANDARD BOOK NUMBER | |
| International Standard Book Number | 9789391734473 |
| 082 ## - DEWEY DECIMAL CLASSIFICATION NUMBER | |
| Classification number | 636.40688 |
| Item number | G97V |
| 100 ## - MAIN ENTRY--PERSONAL NAME | |
| Personal name | Gupta, Vivek Kumar |
| 245 ## - TITLE STATEMENT | |
| Title | Vyavsayik Shukar Palan: |
| Remainder of title | Krishako evam Uddhamiyo Hetu Ek Samagrah Pustak |
| Statement of responsibility, etc. | Gupta, Vivek Kumar |
| 260 ## - PUBLICATION, DISTRIBUTION, ETC. (IMPRINT) | |
| Place of publication, distribution, etc | New Delhi |
| Name of publisher, distributor, etc | TTPP, New Delhi |
| Date of publication, distribution, etc | 2023 |
| 300 ## - PHYSICAL DESCRIPTION | |
| Extent | 564p. |
| 365 ## - TRADE PRICE | |
| Price note | 1595.00 |
| 650 ## - SUBJECT ADDED ENTRY--TOPICAL TERM | |
| Topical term or geographic name as entry element | Swine industry. |
| 650 ## - SUBJECT ADDED ENTRY--TOPICAL TERM | |
| Topical term or geographic name as entry element | Swine industry $z India. |
| 650 ## - SUBJECT ADDED ENTRY--TOPICAL TERM | |
| Topical term or geographic name as entry element | Pig farming $z India. |
| 650 ## - SUBJECT ADDED ENTRY--TOPICAL TERM | |
| Topical term or geographic name as entry element | Swine $x Breeding $z India. |
| 700 ## - ADDED ENTRY--PERSONAL NAME | |
| Personal name | Kumar, Satish |
| 700 ## - ADDED ENTRY--PERSONAL NAME | |
| Personal name | Jaya |
| 700 ## - ADDED ENTRY--PERSONAL NAME | |
| Personal name | Kumar, Sunil |
| 700 ## - ADDED ENTRY--PERSONAL NAME | |
| Personal name | Thosmsh, Rajendran |
| 700 ## - ADDED ENTRY--PERSONAL NAME | |
| Personal name | Devi, Jaychitra Salam |
| 700 ## - ADDED ENTRY--PERSONAL NAME | |
| Personal name | Vanik, Shantanu |
| 700 ## - ADDED ENTRY--PERSONAL NAME | |
| Personal name | Rajkhowa, Swaraj |
| 700 ## - ADDED ENTRY--PERSONAL NAME | |
| Personal name | Verman, Keshav |
| 700 ## - ADDED ENTRY--PERSONAL NAME | |
| Personal name | Islam, Rafikul |
| 942 ## - ADDED ENTRY ELEMENTS (KOHA) | |
| Source of classification or shelving scheme | |
| Koha item type | Books |
| Withdrawn status | Lost status | Source of classification or shelving scheme | Damaged status | Not for loan | Home library | Current library | Shelving location | Date acquired | Source of acquisition | Currency | Cost, normal purchase price | Total Checkouts | Full call number | Barcode | Date last seen | Bill Date | Koha item type | Public note | Bill Number |
|---|---|---|---|---|---|---|---|---|---|---|---|---|---|---|---|---|---|---|---|
| Dr. Rajendra Prasad Central Agricultural University Pusa, | Dr. Rajendra Prasad Central Agricultural University Pusa, | General Stacks | 29/06/2026 | TTPP, New Delhi | INR | 1595.00 | 636.40688 G97V | 87698 | 29/06/2026 | 29/01/2026 | Books | Hindi Medium book | IN-00449 |